[Event "tm FRA 1st"]
[Site "France"]
[Date "1999.??.??"]
[Round "4"]
[White "Borne, Niels"]
[Black "Bauer, Christian"]
[Result "1-0"]
[WhiteElo "2305"]
[BlackElo "2528"]
[Annotator "Drancy-Nancy"]
[PlyCount "115"]
[EventDate "1999.??.??"]

1. d4 Nf6 2. c4 e6 3. Nf3 c5 4. d5 exd5 5. cxd5 Bd6 6. g3 O-O 7. Bg2 Bc7 8. O-O
d6 9. b3 b5 10. Na3 a6 11. Nc2 Bb7 12. Nh4 Re8 13. Bb2 Nbd7 14. Nf5 g6 15. Qd2
gxf5 16. Qg5+ Kh8 17. Ne3 Re5 18. Bxe5 Nxe5 19. Nxf5 Ne8 20. Qh6 Ng6 21. h4 Qf6
22. e4 Kg8 23. g4 Ne5 24. Qe3 Ng7 25. Nh6+ Kh8 26. g5 Qe7 27. f4 Nd7 28. Qc3 f6
29. Bh3 Rf8 30. Bxd7 Qxd7 31. gxf6 Nh5 32. f7+ Ng7 33. f5 Bd8 34. f6 Nh5 35.
Rf5 Rxf7 36. Raf1 Rxf6 37. Rg5 Qe8 38. Rf2 Qf8 39. Rfg2 Ng7 40. Rxg7 Qxg7 41.
Rxg7 Kxg7 42. Ng4 b4 43. Qb2 Bc8 44. Nxf6 Bxf6 45. Qh2 Bd4+ 46. Kf1 Be5 47.
Qg2+ Kf7 48. Qg5 Bh3+ 49. Ke2 Bd7 50. Qh6 Kg8 51. h5 a5 52. Kd3 Bb5+ 53. Kc2
Bd7 54. Qg5+ Kf7 55. Qd8 Bg4 56. Qc7+ Kg8 57. h6 Bh3 58. Qe7 1-0

[Event "tm FRA 1st"]
[Site "France"]
[Date "1999.??.??"]
[Round "4"]
[White "Turner, Matthew"]
[Black "Giffard, Nicolas"]
[Result "1/2-1/2"]
[WhiteElo "2463"]
[BlackElo "2369"]
[Annotator "Nancy-Drancy"]
[PlyCount "76"]
[EventDate "1999.??.??"]

1. c4 Nf6 2. Nc3 d6 3. g3 g6 4. Bg2 Bg7 5. e4 O-O 6. Nge2 e5 7. O-O c6 8. d3 a6
9. a4 a5 10. h3 Ne8 11. Be3 Na6 12. f4 f5 13. d4 exd4 14. Bxd4 Bxd4+ 15. Qxd4
Qf6 16. Rad1 Qxd4+ 17. Nxd4 Nc5 18. Rfe1 fxe4 19. Nxe4 Nxa4 20. b3 Nc5 21. Nxc5
dxc5 22. Nxc6 bxc6 23. Bxc6 Nc7 24. Bxa8 Nxa8 25. Rd5 a4 26. bxa4 Nb6 27. Rxc5
Nxa4 28. Rc7 Bxh3 29. Ree7 Rd8 30. Rg7+ Kf8 31. Rxh7 Be6 32. Rh8+ Bg8 33. c5
Nc3 34. c6 Ne2+ 35. Kf2 Nd4 36. Rh6 Bf7 37. Rh7 Bg8 38. Rhd7 Nxc6 1/2-1/2

[Event "tm FRA 1st"]
[Site "France"]
[Date "1999.??.??"]
[Round "4"]
[White "Moracchini, Fabrice"]
[Black "Nezar, Mustapha"]
[Result "1/2-1/2"]
[WhiteElo "2303"]
[BlackElo "2275"]
[Annotator "Drancy-Nancy"]
[PlyCount "126"]
[EventDate "1999.??.??"]

1. d4 d5 2. c4 c6 3. Nf3 Nf6 4. cxd5 cxd5 5. Bf4 Nc6 6. Nc3 e6 7. e3 Bd6 8.
Bxd6 Qxd6 9. Be2 O-O 10. O-O Bd7 11. Rc1 Rfc8 12. Qd3 Be8 13. Rfd1 Qe7 14. Qb1
h6 15. h3 Rab8 16. Nd2 Rd8 17. a3 Rbc8 18. b4 a5 19. b5 Na7 20. Qb3 b6 21. Nf3
Rc7 22. Bd3 Rdc8 23. Ne2 Rxc1 24. Rxc1 Rxc1+ 25. Nxc1 Ne4 26. Ne2 Nd6 27. a4
Qc7 28. Nd2 Nac8 29. g3 Ne7 30. Kg2 f6 31. Qc3 Qxc3 32. Nxc3 e5 33. Bc2 Bf7 34.
Bb3 exd4 35. exd4 Ndf5 36. Nf3 h5 37. h4 Kh7 38. Kf1 Kh6 39. Ke2 Nd6 40. Ke3
Ndf5+ 41. Kd3 Nd6 42. Ke3 Be6 43. Ng1 Nef5+ 44. Kd3 Ne7 45. Ke3 g5 46. Nf3
Ndf5+ 47. Kd3 Kg6 48. Ba2 Nh6 49. Ke2 Ng4 50. Ne1 Nh6 51. Ng2 Nhf5 52. Kd3 Kf7
53. Bb3 Ke8 54. Bd1 Bf7 55. Ne2 Bg6 56. Kc3 Nd6 57. f3 Ndf5 58. Bb3 Kd7 59. Bd1
Kd6 60. Kd2 Ke6 61. Bb3 Kf7 62. Bc2 Nd6 63. Kc3 Bxc2 1/2-1/2

[Event "tm FRA 1st"]
[Site "France"]
[Date "1999.??.??"]
[Round "4"]
[White "Adrian, Claude"]
[Black "Delebarre, Xavier"]
[Result "0-1"]
[WhiteElo "2294"]
[BlackElo "2261"]
[Annotator "Nancy-Drancy"]
[PlyCount "126"]
[EventDate "1999.??.??"]

1. Nf3 c5 2. c4 Nc6 3. d4 cxd4 4. Nxd4 g6 5. g3 Bg7 6. Nc2 d6 7. Bg2 Be6 8. Ne3
Qd7 9. O-O Bh3 10. Nd5 Bxg2 11. Kxg2 e6 12. Nf4 Nge7 13. Nc3 Bxc3 14. bxc3 Ne5
15. e4 Rc8 16. Nd3 Nxc4 17. Bh6 f5 18. f3 Kf7 19. Qe2 Rhe8 20. Rad1 Qc7 21.
Rfe1 Ng8 22. Bf4 h6 23. h4 a5 24. Rb1 Re7 25. Rb5 fxe4 26. fxe4 e5 27. Bc1 Kg7
28. Rf1 Qc6 29. Rd5 Rcc7 30. h5 g5 31. Qg4 Qd7 32. Rf5 Nf6 33. Rxg5+ Kh7 34.
Qxd7 Rexd7 35. Rg6 Nxd5 36. exd5 Nb6 37. Nxe5 dxe5 38. Rxh6+ Kg8 39. Rxb6 Rxc3
40. Bg5 Rd3 41. Kh3 R3xd5 42. g4 e4 43. Kh4 Re5 44. Bf4 Re8 45. Rb2 e3 46. Re2
Rd2 47. Rxd2 exd2 48. Bxd2 Re2 49. Bxa5 Rxa2 50. Bc7 Rc2 51. Be5 b5 52. g5 Rc4+
53. Kg3 b4 54. g6 Rc5 55. Bd6 Rg5+ 56. Kh4 Rd5 57. Be7 Kg7 58. Kg4 b3 59. Ba3
Rd2 60. Bc1 Rc2 61. Be3 Rc4+ 62. Kg5 b2 63. h6+ Kh8 0-1

[Event "tm FRA 1st"]
[Site "France"]
[Date "1999.??.??"]
[Round "4"]
[White "Zangrilli, David"]
[Black "Spielmann, Alain"]
[Result "1-0"]
[WhiteElo "2254"]
[BlackElo "2252"]
[Annotator "Drancy-Nancy"]
[PlyCount "53"]
[EventDate "1999.??.??"]

1. e4 c5 2. Nf3 e6 3. d4 cxd4 4. Nxd4 Nc6 5. Nxc6 bxc6 6. Bd3 Nf6 7. O-O d5 8.
Nd2 Be7 9. Qe2 O-O 10. a4 Re8 11. e5 Nd7 12. Nb3 a5 13. Re1 Nc5 14. Nxc5 Bxc5
15. Qg4 Ba6 16. Bh6 Bf8 17. Ra3 f5 18. exf6 Qxf6 19. Bg5 Qxb2 20. Rb3 Qa2 21.
Bxh7+ Kxh7 22. Qh5+ Kg8 23. Rf3 Qxc2 24. Qf7+ Kh8 25. Rh3+ Qh7 26. Rxh7+ Kxh7
27. Re3 1-0

[Event "tm FRA 1st"]
[Site "France"]
[Date "1999.??.??"]
[Round "4"]
[White "Zawadski, Stephane"]
[Black "Buchy, Daniel"]
[Result "1/2-1/2"]
[WhiteElo "2200"]
[BlackElo "2197"]
[Annotator "Nancy-Drancy"]
[PlyCount "230"]
[EventDate "1999.??.??"]

1. d4 f5 2. Nf3 Nf6 3. c4 e6 4. g3 d5 5. Bg2 c6 6. Qc2 Be7 7. b3 O-O 8. O-O Ne4
9. Nc3 Nd7 10. Ne5 Nxe5 11. dxe5 Bd7 12. Bb2 Qb6 13. e3 Be8 14. Ne2 Rd8 15.
cxd5 exd5 16. Nf4 Bf7 17. h4 c5 18. Rad1 h6 19. h5 Bg5 20. Qe2 Bxf4 21. gxf4
Qe6 22. Bh3 Qe8 23. Kh2 Bxh5 24. f3 Qe7 25. Qg2 d4 26. exd4 Qh4 27. fxe4 Bxd1
28. Rxd1 Qxf4+ 29. Kh1 cxd4 30. e6 Rfe8 31. exf5 Re7 32. Ba3 Rc7 33. e7 Re8 34.
Qd5+ Kh7 35. Bd6 Qh4 36. Qg2 Rcxe7 37. Bxe7 Rxe7 38. Rf1 Re3 39. Kh2 d3 40. Qg4
Re2+ 41. Kg1 Qf6 42. Qg6+ Qxg6+ 43. fxg6+ Kxg6 44. Bf5+ Kg5 45. Bxd3 Rxa2 46.
Rf7 a5 47. Rxg7+ Kf6 48. Rxb7 a4 49. bxa4 Rxa4 50. Kf2 h5 51. Ke3 Rh4 52. Rb6+
Ke5 53. Rb5+ Kf6 54. Be4 Rh2 55. Kf4 Rh4+ 56. Ke3 Rh2 57. Bf3 h4 58. Kf4 Rc2
59. Rb6+ Ke7 60. Ke5 Rc5+ 61. Bd5 Rc1 62. Rb7+ Ke8 63. Rh7 h3 64. Rh8+ Ke7 65.
Rxh3 Re1+ 66. Be4 Rf1 67. Rh7+ Rf7 68. Rh1 Rf2 69. Ra1 Rd2 70. Ra6 Rd1 71. Re6+
Kd7 72. Rh6 Kc7 73. Bd5 Re1+ 74. Kd4 Kd7 75. Kc5 Rc1+ 76. Bc4 Re1 77. Bb3 Re5+
78. Bd5 Re1 79. Rh7+ Re7 80. Rh8 Re1 81. Bc6+ Kc7 82. Rh7+ Kc8 83. Kd6 Rd1+ 84.
Bd5 Kb8 85. Rh8+ Ka7 86. Ra8+ Kb6 87. Rb8+ Ka7 88. Rb7+ Ka6 89. Rb2 Ra1 90.
Bc4+ Ka7 91. Be6 Rd1+ 92. Bd5 Rg1 93. Bc6 Ka6 94. Kc7 Ka5 95. Rb5+ Ka6 96. Rc5
Rg7+ 97. Bd7 Rh7 98. Rc4 Rh5 99. Ra4+ Ra5 100. Bc8+ Kb5 101. Bd7+ Ka6 102. Rb4
Rh5 103. Be8 Rh7+ 104. Kc6 Rh6+ 105. Kc5 Rh1 106. Bc6 Rh6 107. Rg4 Rh2 108. Rc4
Rh6 109. Be4 Rh5+ 110. Bd5 Ka7 111. Ra4+ Kb8 112. Rg4 Kc7 113. Rg7+ Kb8 114.
Kb6 Kc8 115. Be6+ Kd8 1/2-1/2

[Event "tm FRA 1st"]
[Site "France"]
[Date "1999.??.??"]
[Round "4"]
[White "Barakoff, Annie"]
[Black "Muller, Veronique"]
[Result "0-1"]
[WhiteElo "1680"]
[BlackElo "1870"]
[Annotator "Drancy-Nancy"]
[PlyCount "76"]
[EventDate "1999.??.??"]

1. Nf3 f5 2. d3 Nf6 3. g3 g6 4. Bg2 Bg7 5. O-O O-O 6. c4 d6 7. Nc3 e5 8. Rb1
Qe8 9. Bd2 h6 10. Qc2 a5 11. a3 a4 12. b4 axb3 13. Rxb3 Nc6 14. e3 g5 15. Nd5
Qf7 16. Nxf6+ Qxf6 17. Bc3 Qg6 18. Nd2 f4 19. e4 b6 20. Nf3 g4 21. Nh4 Qf7 22.
Nf5 Bxf5 23. exf5 f3 24. Bh1 Qxf5 25. Re1 Nd8 26. Qd2 Ne6 27. Rb5 Qg6 28. Bb2
Rfe8 29. Re3 h5 30. Re1 Nc5 31. d4 exd4 32. Rd1 Re2 33. Qc1 Bh6 34. Qa1 d3 35.
Bc3 Rae8 36. Qb1 Qe6 37. Rf1 d2 38. Qa1 Re1 0-1

[Event "tm FRA 1st"]
[Site "France"]
[Date "1999.??.??"]
[Round "4"]
[White "David, Alberto"]
[Black "Sokolov, Andrei"]
[Result "1-0"]
[WhiteElo "2533"]
[BlackElo "2567"]
[Annotator "Chess XV-Mulhouse"]
[PlyCount "85"]
[EventDate "1999.??.??"]

1. e4 c5 2. Nf3 e6 3. Nc3 d6 4. d4 cxd4 5. Nxd4 Nf6 6. g4 h6 7. h4 Be7 8. Qf3
Nc6 9. Bb5 Bd7 10. Bxc6 bxc6 11. g5 hxg5 12. hxg5 Rxh1+ 13. Qxh1 Ng4 14. Qg2
Ne5 15. f4 Nc4 16. Nde2 Qb6 17. Qh3 d5 18. b3 d4 19. bxc4 dxc3 20. Kf1 Qb4 21.
Qd3 Rd8 22. a3 Qa5 23. Qxc3 Qxc3 24. Nxc3 Bc8 25. Be3 Ba6 26. Ke1 f6 27. g6
Bxc4 28. Kf2 Rb8 29. Na4 e5 30. Rh1 Bf8 31. Rh8 Kd7 32. Bxa7 Re8 33. f5 Bxa3
34. Bc5 Bc1 35. Rh1 Bh6 36. Rd1+ Kc7 37. Bb6+ Kb7 38. Rh1 Kc8 39. Nc5 Bd2 40.
Ra1 Kb8 41. Nd7+ Kc8 42. Nc5 Kb8 43. Ra7 1-0

[Event "tm FRA 1st"]
[Site "France"]
[Date "1999.??.??"]
[Round "4"]
[White "Heinis, Vincent"]
[Black "Popovic, Petar"]
[Result "0-1"]
[WhiteElo "2266"]
[BlackElo "2482"]
[Annotator "Chess XV-Mulhouse"]
[PlyCount "108"]
[EventDate "1999.??.??"]

1. d4 Nf6 2. c4 g6 3. Nc3 Bg7 4. e4 d6 5. Be2 O-O 6. Nf3 e5 7. O-O c6 8. Be3
exd4 9. Nxd4 Re8 10. Qc2 Qe7 11. Rfe1 Nxe4 12. Nxe4 Qxe4 13. Qxe4 Rxe4 14. Bf3
Re8 15. Bf4 Be5 16. Rad1 a5 17. Nb3 a4 18. Nc5 dxc5 19. Bxe5 Be6 20. Bd6 Nd7
21. b3 axb3 22. axb3 Bf5 23. Be7 Nf8 24. Re3 Ne6 25. Bf6 Nd4 26. Bxd4 cxd4 27.
Rxd4 Bc2 28. Rxe8+ Rxe8 29. h4 Bxb3 30. c5 Be6 31. h5 Kg7 32. hxg6 hxg6 33. Rb4
Re7 34. g4 g5 35. Kh2 Rd7 36. Kg3 Kf6 37. Be4 Ke5 38. f3 Bd5 39. Bf5 Re7 40.
f4+ gxf4+ 41. Rxf4 Rc7 42. Rb4 Be6 43. Re4+ Kd5 44. Kf4 Kxc5 45. Bxe6 fxe6 46.
Ke5 b5 47. g5 b4 48. g6 b3 49. Re1 Kc4 50. Kf6 b2 51. g7 Rxg7 52. Kxg7 c5 53.
Kf6 Kd3 54. Kxe6 c4 0-1

[Event "tm FRA 1st"]
[Site "France"]
[Date "1999.??.??"]
[Round "4"]
[White "Schabanel, Stephane"]
[Black "Siegel, Georg"]
[Result "0-1"]
[WhiteElo "2217"]
[BlackElo "2483"]
[Annotator "Chess XV-Mulhouse"]
[PlyCount "82"]
[EventDate "1999.??.??"]

1. e4 d5 2. exd5 Qxd5 3. Nf3 Bg4 4. Be2 Nc6 5. d4 O-O-O 6. Be3 Qa5+ 7. c3 Nf6
8. Nbd2 e5 9. Nc4 Qd5 10. Ncxe5 Nxe5 11. dxe5 Qe4 12. Qb1 Qxb1+ 13. Rxb1 Nd5
14. Bd2 Re8 15. O-O f6 16. Rbe1 fxe5 17. Nxe5 Be6 18. Nd3 Bd6 19. Bf3 Nf6 20.
b3 a5 21. Rd1 a4 22. c4 Bf5 23. Bc3 Ne4 24. Bxg7 Rhg8 25. Bd4 Ng5 26. Bh5 Re4
27. Bc5 Bxh2+ 28. Kxh2 Rh4+ 29. Kg3 Rxh5 30. b4 Ne6+ 31. Kf3 Bg4+ 32. Ke3 Bxd1
33. Rxd1 Rxg2 34. Be7 Rg7 35. Bf6 Rd7 36. Rg1 Rh3+ 37. f3 Rf7 38. Rg8+ Rf8 39.
Rxf8+ Nxf8 40. Nc5 Nd7 41. Nxd7 Kxd7 0-1

[Event "tm FRA 1st"]
[Site "France"]
[Date "1999.??.??"]
[Round "4"]
[White "Marzolo, Cyril"]
[Black "Lohou, Stephane"]
[Result "1-0"]
[WhiteElo "2435"]
[BlackElo "2179"]
[Annotator "Mulhouse-Chess XV"]
[PlyCount "71"]
[EventDate "1999.??.??"]

1. d4 Nf6 2. c4 g6 3. Nc3 d5 4. Bg5 Bg7 5. Bxf6 Bxf6 6. Nxd5 Bg7 7. e3 c5 8.
Ne2 Nc6 9. Qa4 e6 10. Ndc3 cxd4 11. Nxd4 Bxd4 12. exd4 Qxd4 13. Rd1 Qe5+ 14.
Be2 O-O 15. O-O Nd4 16. Rfe1 Rd8 17. Bf1 Qc7 18. Nd5 exd5 19. Re8+ Kg7 20. Rxd8
Qxd8 21. Rxd4 Qb6 22. Rxd5 Be6 23. Rd2 Rc8 24. b3 h5 25. Qa3 Kg8 26. Qe7 a5 27.
h4 Qb4 28. Rd6 Rf8 29. c5 a4 30. Rb6 Qa3 31. Qg5 Bf5 32. Bc4 Kg7 33. b4 Qc3 34.
Qf4 a3 35. Rxb7 Qa1+ 36. Kh2 1-0

[Event "tm FRA 1st"]
[Site "France"]
[Date "1999.??.??"]
[Round "4"]
[White "Guyard, Bertrand"]
[Black "Roser, Kevin"]
[Result "1-0"]
[WhiteElo "2196"]
[BlackElo "2319"]
[Annotator "Chess XV-Mulhouse"]
[PlyCount "91"]
[EventDate "1999.??.??"]

1. e4 c5 2. Nf3 Nc6 3. d4 cxd4 4. Nxd4 Nf6 5. Nc3 d6 6. Bc4 Qb6 7. Nb3 e6 8.
O-O Be7 9. Be3 Qc7 10. f4 a6 11. a4 b6 12. Qe2 O-O 13. g4 Re8 14. g5 Nd7 15. h4
Nb4 16. Nd4 Bf8 17. h5 Nc5 18. g6 fxg6 19. hxg6 hxg6 20. Qg4 d5 21. Qxg6 Bb7
22. f5 dxc4 23. fxe6 Nxe6 24. Nxe6 Qd7 25. Ng5 Qg4+ 26. Kf2 Qh4+ 27. Ke2 Qh2+
28. Rf2 Qh6 29. Qf7+ Kh8 30. Qxb7 Qh5+ 31. Nf3 Nxc2 32. Rh2 Qxh2+ 33. Nxh2 Nxa1
34. Nf3 b5 35. Ng5 Be7 36. Nf7+ Kg8 37. Qd5 Kh7 38. axb5 axb5 39. Qh5+ Kg8 40.
Nd5 Rab8 41. Nxe7+ Rxe7 42. Ng5 Reb7 43. Bc5 g6 44. Qxg6+ Rg7 45. Qe6+ Kh8 46.
Bd4 1-0

[Event "tm FRA 1st"]
[Site "France"]
[Date "1999.??.??"]
[Round "4"]
[White "Herb, Pascal"]
[Black "Bouton, Christophe"]
[Result "1-0"]
[WhiteElo "2355"]
[BlackElo "2235"]
[Annotator "Mulhouse-Chess XV"]
[PlyCount "63"]
[EventDate "1999.??.??"]

1. e4 c5 2. Nf3 e6 3. d4 cxd4 4. Nxd4 Nf6 5. Nc3 Nc6 6. Ndb5 d6 7. Bf4 e5 8.
Bg5 a6 9. Na3 Be6 10. Nc4 Rc8 11. Bxf6 gxf6 12. Ne3 Nd4 13. Bd3 Bg7 14. O-O O-O
15. Ncd5 Kh8 16. Qh5 Nb5 17. f4 h6 18. fxe5 fxe5 19. Rf6 Nc7 20. Rxh6+ Kg8 21.
Rf1 f6 22. Rh7 Qe8 23. Qh4 Nxd5 24. exd5 e4 25. Bxe4 f5 26. dxe6 fxe4 27. Rxf8+
Qxf8 28. Qxe4 Rc5 29. Rh3 Qe7 30. Qh7+ Kf8 31. Rf3+ Bf6 32. Qh8# 1-0

[Event "tm FRA 1st"]
[Site "France"]
[Date "1999.??.??"]
[Round "4"]
[White "Bonvalot, Isabelle"]
[Black "Muller, Anne"]
[Result "0-1"]
[WhiteElo "2000"]
[BlackElo "2110"]
[Annotator "Chess XV-Mulhouse"]
[PlyCount "96"]
[EventDate "1999.??.??"]

1. e4 c5 2. c3 Nf6 3. e5 Nd5 4. d4 cxd4 5. Nf3 Nc6 6. Bc4 Nb6 7. Bb3 d6 8. exd6
Qxd6 9. cxd4 e6 10. O-O Be7 11. Nc3 Nb4 12. Ne5 O-O 13. Qg4 f5 14. Qd1 N4d5 15.
Nb5 Qd8 16. a4 a6 17. Na3 Nf6 18. a5 Nbd5 19. Nac4 Ne4 20. Bc2 Nd6 21. b3 Bd7
22. Re1 Bb5 23. Ba3 Rc8 24. Bc5 Rf6 25. Qf3 Bc6 26. Nxc6 Rxc6 27. Ne5 Rc8 28.
Nd3 Ne4 29. b4 Rh6 30. Bb3 Bd6 31. g3 Ng5 32. Qg2 Ne4 33. f3 Ng5 34. h4 Nf7 35.
Ra2 Bxg3 36. Nf2 Bxh4 37. Kf1 Rg6 38. Qh2 Bg3 39. Qh1 Qd7 40. Rae2 Re8 41. f4
Nxf4 42. Re3 Qb5+ 43. R1e2 Nxe2 44. Rxe2 Bxf2 45. Kxf2 Qd3 46. Re3 Qd2+ 47. Re2
Qf4+ 48. Ke1 Qg3+ 0-1

[Event "tm FRA 1st"]
[Site "France"]
[Date "1999.??.??"]
[Round "4"]
[White "Piket, Jeroen"]
[Black "Fontaine, Robert"]
[Result "1-0"]
[WhiteElo "2609"]
[BlackElo "2369"]
[Annotator "Monaco-Caissa"]
[PlyCount "127"]
[EventDate "1999.??.??"]

1. d4 Nf6 2. c4 e6 3. Nf3 Bb4+ 4. Bd2 Qe7 5. g3 Nc6 6. Bg2 O-O 7. O-O Bxd2 8.
Qxd2 d5 9. Na3 Ne4 10. Qe3 f5 11. Rfc1 Nb8 12. Ne1 c6 13. Nd3 Qg5 14. Qxg5 Nxg5
15. b4 a6 16. Nb1 Nd7 17. Nd2 Ne4 18. Nb3 Nd6 19. c5 Nc4 20. a4 e5 21. e3 g5
22. b5 e4 23. Nb4 a5 24. Nc2 f4 25. Bf1 fxe3 26. Nxe3 Nxe3 27. fxe3 Nf6 28. Rc3
Ng4 29. Ra2 Bd7 30. b6 Rf3 31. Re2 Rf7 32. h3 Nf6 33. Rf2 Nh5 34. Rxf7 Kxf7 35.
Kh2 Kg7 36. Be2 Nf6 37. Rc1 Kg6 38. g4 h6 39. Rf1 Kg7 40. Kg3 Kg6 41. h4 Kg7
42. Nd2 Kg6 43. Nb1 Rh8 44. Nc3 h5 45. gxh5+ Nxh5+ 46. Bxh5+ Rxh5 47. Rh1 Rh7
48. Nb1 Rf7 49. Nd2 gxh4+ 50. Rxh4 Kg5 51. Rh8 Rg7 52. Nb3 Rf7 53. Rg8+ Kh5 54.
Nxa5 Rf3+ 55. Kg2 Bh3+ 56. Kh2 Kh4 57. Nxc6 bxc6 58. b7 Rf2+ 59. Kh1 Rf1+ 60.
Rg1 Rf8 61. a5 Bf1 62. Rxf1 Rxf1+ 63. Kg2 Rb1 64. a6 1-0

[Event "tm FRA 1st"]
[Site "France"]
[Date "1999.??.??"]
[Round "4"]
[White "Spiridonov, Nikola"]
[Black "Sharif, Mershad"]
[Result "0-1"]
[WhiteElo "2398"]
[BlackElo "2475"]
[Annotator "Caissa-Monaco"]
[PlyCount "88"]
[EventDate "1999.??.??"]

1. c4 Nf6 2. g3 c6 3. Nf3 d5 4. b3 Bg4 5. Bg2 e6 6. O-O Nbd7 7. d3 Bd6 8. Ba3
Bxa3 9. Nxa3 O-O 10. Qc2 Qe7 11. Qb2 a5 12. Nc2 Rfc8 13. Ne3 Bxf3 14. Bxf3 b5
15. Rfc1 Rab8 16. cxd5 cxd5 17. Qd4 Qd6 18. Qa7 Qa3 19. Rxc8+ Rxc8 20. Qb7 Qc5
21. d4 Qc3 22. Rd1 b4 23. Qa6 Qc7 24. Kg2 Nb8 25. Qb5 Ne8 26. Rd2 Nd6 27. Qa4
Qb6 28. a3 bxa3 29. Qxa3 Nb5 30. Qb2 Nc6 31. Nc2 Nb4 32. Ne1 Nc3 33. e3 g6 34.
Nd3 Nxd3 35. Rxd3 Qb4 36. Qa1 Qxb3 37. Qxa5 Qc2 38. Qa6 Rc4 39. Rxc3 Rxc3 40.
Be2 Qd2 41. Qb5 Kg7 42. h4 Rc2 43. Kf1 Rc1+ 44. Kg2 Qe1 0-1

[Event "tm FRA 1st"]
[Site "France"]
[Date "1999.??.??"]
[Round "4"]
[White "Marciano, David"]
[Black "Belkhodja, Slim"]
[Result "0-1"]
[WhiteElo "2521"]
[BlackElo "2423"]
[Annotator "Monaco-Caissa"]
[PlyCount "94"]
[EventDate "1999.??.??"]

1. e4 c5 2. Nf3 e6 3. c3 d5 4. exd5 exd5 5. d4 Nc6 6. Bb5 Bd6 7. O-O Nge7 8.
dxc5 Bxc5 9. Nbd2 O-O 10. Nb3 Bb6 11. Re1 Nf5 12. Bd3 h6 13. Bc2 Be6 14. Qd3
Qf6 15. g4 Qg6 16. Bg5 Nd6 17. Qxg6 fxg6 18. Rxe6 Rxf3 19. Bh4 Nc4 20. Bxg6
N6e5 21. Bf5 Rxf5 22. gxf5 Nf3+ 23. Kf1 Nxh4 24. f6 Kf7 25. Rae1 Nf3 26. R1e2
gxf6 27. Re7+ Kg6 28. Rxb7 Rg8 29. Nd4 Bxd4 30. cxd4 Kf5 31. Ree7 Rg1+ 32. Ke2
Nxd4+ 33. Kd3 Nc6 34. Rg7 Rd1+ 35. Ke2 Rd2+ 36. Ke1 Rc2 37. Rgc7 Nd4 38. Kf1
Ne6 39. Re7 Rc1+ 40. Kg2 Nf4+ 41. Kg3 Rg1+ 42. Kf3 Ne5+ 43. Ke3 Rd1 44. f3 d4+
45. Kf2 Ned3+ 46. Kg3 Rg1+ 47. Kh4 Ne5 0-1

[Event "tm FRA 1st"]
[Site "France"]
[Date "1999.??.??"]
[Round "4"]
[White "Elbilia, Jacques"]
[Black "Efimov, Igor"]
[Result "1/2-1/2"]
[WhiteElo "2360"]
[BlackElo "2494"]
[Annotator "Caissa-Monaco"]
[PlyCount "85"]
[EventDate "1999.??.??"]

1. d4 d6 2. c4 e5 3. Nf3 e4 4. Ng5 f5 5. Nc3 Be7 6. Nh3 Nf6 7. Bg5 O-O 8. e3 c6
9. Nf4 Na6 10. h4 Nc7 11. Be2 Ne6 12. g3 Nxf4 13. Bxf4 Be6 14. Kf1 h6 15. Kg2
Bf7 16. b4 a5 17. b5 Nd7 18. bxc6 bxc6 19. h5 Nb6 20. Qf1 Qd7 21. Rb1 Rab8 22.
c5 Nd5 23. Nxd5 Bxd5 24. cxd6 Bxd6 25. Bc4 Bxf4 26. gxf4 Kh7 27. Bxd5 Qxd5 28.
Rxb8 Rxb8 29. Qe2 a4 30. Rc1 a3 31. Qc4 Qd7 32. Qxc6 Qf7 33. Qg6+ Qxg6+ 34.
hxg6+ Kxg6 35. Rc6+ Kh5 36. Ra6 Rb2 37. Rxa3 Kg4 38. Ra7 g5 39. a4 gxf4 40.
Rg7+ Kh5 41. exf4 e3 42. a5 Kh4 43. Kf3 1/2-1/2

[Event "tm FRA 1st"]
[Site "France"]
[Date "1999.??.??"]
[Round "4"]
[White "Kosten, Anthony"]
[Black "De Sousa, Jose-Claude"]
[Result "1-0"]
[WhiteElo "2502"]
[BlackElo "2275"]
[Annotator "Monaco-Caissa"]
[PlyCount "95"]
[EventDate "1999.??.??"]

1. c4 Nf6 2. g3 e6 3. Bg2 d5 4. Nf3 Be7 5. O-O O-O 6. Qc2 c6 7. d3 Nbd7 8. Nc3
b6 9. e4 dxe4 10. dxe4 e5 11. b3 Qc7 12. Bb2 Re8 13. Rad1 Bb7 14. Nh4 Rad8 15.
Nf5 Bf8 16. Qe2 Nc5 17. Qf3 Ne6 18. Ne2 Ng5 19. Qe3 h6 20. Nc3 Kh7 21. Qc1 g6
22. Ne3 Bc8 23. h4 Ne6 24. Ne2 Bc5 25. Qa1 Nd4 26. Nxd4 exd4 27. Bxd4 Nxe4 28.
Bxc5 bxc5 29. Rxd8 Qxd8 30. Rd1 Qc7 31. Rd3 h5 32. Qd1 a5 33. Nf1 Bf5 34. Re3
Rd8 35. Qe2 Nf6 36. Re7 Rd7 37. Rxd7 Nxd7 38. Qe7 Kg7 39. Ne3 Be6 40. f4 Qb6
41. f5 gxf5 42. Qg5+ Kf8 43. Nxf5 a4 44. Qxh5 Ke8 45. Nd6+ Kd8 46. Nxf7+ Bxf7
47. Qxf7 axb3 48. Bh3 1-0

[Event "tm FRA 1st"]
[Site "France"]
[Date "1999.??.??"]
[Round "4"]
[White "Lopez, Jorge"]
[Black "Miralles, Gilles"]
[Result "0-1"]
[WhiteElo "2189"]
[BlackElo "2491"]
[Annotator "Caissa-Monaco"]
[PlyCount "78"]
[EventDate "1999.??.??"]

1. d4 Nf6 2. Nf3 g6 3. c4 Bg7 4. e3 O-O 5. Nc3 c5 6. Be2 d6 7. O-O Nc6 8. b3
Nh5 9. Bb2 cxd4 10. Nxd4 Nxd4 11. exd4 Nf4 12. Bf3 Bf5 13. Bxb7 Rb8 14. Be4
Bxe4 15. Nxe4 Ne6 16. Ng3 d5 17. cxd5 Qxd5 18. Ne2 Rfd8 19. Qd2 Nxd4 20. Nxd4
e5 21. Rac1 exd4 22. Rfd1 Rb6 23. Qd3 Re6 24. Bc3 h5 25. Bd2 Rde8 26. Re1 h4
27. h3 Rxe1+ 28. Rxe1 Rxe1+ 29. Bxe1 Qe5 30. Bd2 Bf8 31. Kf1 Bg7 32. Qe2 Qf5
33. Bc1 Bf6 34. Qc4 Qb1 35. Ke2 Qxa2+ 36. Kf3 Qb1 37. Bd2 Qd1+ 38. Qe2 Qxb3+
39. Ke4 Qe6+ 0-1

[Event "tm FRA 1st"]
[Site "France"]
[Date "1999.??.??"]
[Round "4"]
[White "Rotstein, Arkadij"]
[Black "Lecuyer, Christian"]
[Result "1-0"]
[WhiteElo "2493"]
[BlackElo "2265"]
[Annotator "Monaco-Caissa"]
[PlyCount "71"]
[EventDate "1999.??.??"]

1. c4 e5 2. g3 Nc6 3. Bg2 d6 4. Nc3 Be6 5. Nd5 Qd7 6. Nf3 h6 7. O-O g6 8. d4
Bg7 9. dxe5 Nxe5 10. Nxe5 dxe5 11. Nc3 Nf6 12. Qxd7+ Nxd7 13. Bxb7 Rb8 14. Bd5
Bh3 15. Bg2 Bxg2 16. Kxg2 O-O 17. e4 f5 18. b3 Rf7 19. f3 a6 20. Bb2 Nc5 21.
Rad1 h5 22. Rfe1 Ne6 23. exf5 gxf5 24. Na4 e4 25. fxe4 f4 26. Rf1 Rbf8 27. Bxg7
Rxg7 28. Nc3 h4 29. Ne2 h3+ 30. Kg1 fxg3 31. Rxf8+ Kxf8 32. Nxg3 Ng5 33. Kf2
Rf7+ 34. Ke2 Nf3 35. Nf5 Ng5 36. Rd8# 1-0

[Event "tm FRA 1st"]
[Site "France"]
[Date "1999.??.??"]
[Round "4"]
[White "Wolrich, Charles"]
[Black "Lanzani, Mario"]
[Result "0-1"]
[WhiteElo "2161"]
[BlackElo "2393"]
[Annotator "Caissa-Monaco"]
[PlyCount "76"]
[EventDate "1999.??.??"]

1. d4 Nf6 2. c4 g6 3. Nc3 Bg7 4. Nf3 O-O 5. Bg5 d6 6. e3 Qe8 7. Bxf6 exf6 8.
Bd3 f5 9. O-O Nd7 10. Re1 Nf6 11. e4 fxe4 12. Nxe4 Nxe4 13. Bxe4 Qd8 14. Rb1 a5
15. b4 axb4 16. Rxb4 c6 17. Bb1 Qa5 18. Rb3 Bg4 19. d5 Rfe8 20. Rbe3 Rxe3 21.
Rxe3 Qc5 22. Qb3 b5 23. Bd3 Ra3 24. Qc2 Bxf3 25. gxf3 Bd4 26. Re8+ Kg7 27. Qe2
Bf6 28. Rc8 Qd4 29. dxc6 Rxd3 30. c7 Rd1+ 31. Kg2 Rd2 32. Qe1 Bh4 33. Rg8+ Kxg8
34. c8=Q+ Kg7 35. Kh3 Bxf2 36. Qe4 Qa1 37. Qeg4 Rd4 38. Qxd4+ Bxd4 0-1

[Event "tm FRA 1st"]
[Site "France"]
[Date "1999.??.??"]
[Round "4"]
[White "Lebel, Julia"]
[Black "Chaude de Silans, Chantal"]
[Result "0-1"]
[WhiteElo "2073"]
[BlackElo "1900"]
[Annotator "Monaco-Caissa"]
[PlyCount "36"]
[EventDate "1999.??.??"]

1. d4 Nf6 2. Bg5 Ne4 3. h4 d5 4. Nd2 Nd6 5. e3 Nd7 6. Bd3 Nf6 7. Bxf6 exf6 8.
Qf3 c6 9. Ne2 f5 10. Ng3 Qf6 11. O-O-O Ne4 12. Nh5 Qd8 13. Kb1 b6 14. Nf4 Be7
15. g3 a5 16. Qg2 a4 17. Bxe4 fxe4 18. f3 18... a3 {partie illisible} 0-1

[Event "tm FRA 1st"]
[Site "France"]
[Date "1999.??.??"]
[Round "4"]
[White "Beikert, Guenther"]
[Black "Hamdouchi, Hichem"]
[Result "1-0"]
[WhiteElo "2440"]
[BlackElo "2564"]
[Annotator "Gonfreville-Montpellier"]
[PlyCount "73"]
[EventDate "1999.??.??"]

1. c4 e5 2. g3 Nc6 3. Bg2 g6 4. Nc3 Bg7 5. e4 d6 6. d3 Nge7 7. Nge2 Be6 8. Nd5
O-O 9. h4 h5 10. Bg5 f6 11. Be3 Qd7 12. Qd2 Kh7 13. O-O-O f5 14. Kb1 Rab8 15.
Ng1 b5 16. c5 fxe4 17. Nxe7 Qxe7 18. Nh3 Bxh3 19. Rxh3 d5 20. g4 hxg4 21. Rg3
Qe6 22. dxe4 d4 23. Bg5 a5 24. f3 Nb4 25. b3 Rf4 26. Rxg4 Rbf8 27. Rg3 Qf7 28.
Rh1 Bh6 29. h5 gxh5 30. Bxh6 Kxh6 31. Bh3 Rg8 32. Bg4 Rg5 33. Rgh3 Kg7 34. Bxh5
Qf6 35. Be8 Kf8 36. Bxb5 Ke7 37. a3 1-0